Educational technology and the impact on teaching and learning : (Record no. 174152)
[ view plain ]
| 000 -CABECERA | |
|---|---|
| campo de control de longitud fija | 00655nam a2200193 a 4500 |
| 005 - FECHA Y HORA DE LA ÚLTIMA TRANSACCIÓN | |
| campo de control | 20231108063736.0 |
| 008 - ELEMENTOS DE LONGITUD FIJA--INFORMACIÓN GENERAL | |
| campo de control de longitud fija | 150224s2001 mx r 000 0 spa d |
| 035 ## - NÚMERO DE CONTROL DEL SISTEMA | |
| Número de control de sistema | UPN01000202051 |
| 049 ## - COLECCIÓN | |
| Colección | CG |
| 050 #4 - SIGNATURA TOPOGRÁFICA DE LA BIBLIOTECA DEL CONGRESO | |
| Número de clasificación | LB1028.35 |
| Número de documento/Ítem | E3.8 |
| 245 00 - MENCIÓN DE TÍTULO | |
| Título | Educational technology and the impact on teaching and learning : |
| Resto del título | proceedings of an international research forum at BETT 2000 / |
| Mención de responsabilidad, etc. | ed. Michelle Selinger. |
| 260 ## - PUBLICACIÓN, DISTRIBUCIÓN, ETC. | |
| Lugar de publicación, distribución, etc. | Abingdon, Ing. : |
| Nombre del editor, distribuidor, etc. | RM, |
| Fecha de publicación, distribución, etc. | [2001]. |
| 300 ## - DESCRIPCIÓN FÍSICA | |
| Extensión | 73 p. : |
| Otras características físicas | tablas, gráfs. |
| 650 #4 - ASIENTO SECUNDARIO DE MATERIA - TERMINO TEMATICO | |
| Término de materia o nombre geográfico como elemento de entrada | Tecnología educativa |
| 9 (RLIN) | 4978 |
| 650 #4 - ASIENTO SECUNDARIO DE MATERIA - TERMINO TEMATICO | |
| Término de materia o nombre geográfico como elemento de entrada | Innovaciones educativas |
| 9 (RLIN) | 386 |
| 700 1# - ASIENTO SECUNDARIO--NOMBRE DE PERSONAL | |
| Nombre de persona | Selinger, Michelle, |
| Término indicativo de función/relación | ed. |
| 905 ## - TIPO DE MATERIAL | |
| Tipo de material | Libro |
| Estado de retiro | Estado de pérdida | Fuente del sistema de clasificación o colocación | Estado dañado | No para préstamo | Código de colección | Localización permanente | Ubicación/localización actual | Ubicación en estantería | Total de préstamos | Clasificación | Código de barras | Fecha visto por última vez | Número de copia | Tipo de ítem Koha |
|---|---|---|---|---|---|---|---|---|---|---|---|---|---|---|
| Library of Congress Classification | Colección General | Bib. Gregorio Torres Quintero | Bib. Gregorio Torres Quintero | Planta baja | LB1028.35 E3.8 | 301485 | 31/12/2020 | 1 | Libro |
